000 00728nam a2200253Ia 4500
003 OSt
005 20220925213540.0
006 a|||||r|||| 00| 0
007 ta
008 220923b |||||||| |||| 00| 0 eng d
020 _a0 521 08353 2
037 _cGeneral Book
040 _aRTL
_cRTL
_beng
041 _2eng
_aeng
082 _azG, L2
100 _aBrown Judith M
_914240
245 0 _aGandhi's rise to power
_b Indian politics 1915-1922
260 _aLondon
_bCambridge University Press India
_c1972
300 _axvi,384p. Bib p. 369-77
_ccm.
490 _aCambridge Soufth asian Studies
650 _aGandhiana
942 _hzG, L2
_cGB
_2CC
999 _c563141
_d563141